[Event "Mistrzostwa Polski Niewidomych"]
[Site "Wagrowiec, ul. Jeziorna 16 OR"]
[Date "2018.??.??"]
[Round "6.14"]
[White "Baryla, Damian"]
[Black "Baryla, Lukasz"]
[Result "1/2-1/2"]
[WhiteElo "1811"]
[BlackElo "1726"]
[PlyCount "37"]
[EventDate "2018.??.??"]

1. e4 e5 2. Nf3 Nc6 3. Bb5 Nge7 4. O-O a6 5. Ba4 d6 6. c3 b5 7. Bb3 Bg4 8. d3
Bh5 9. Be3 d5 10. Bc5 dxe4 11. dxe4 Qxd1 12. Rxd1 Nc8 13. Bxf8 Rxf8 14. Rd3
Bxf3 15. Rxf3 Nd6 16. Bd5 Kd7 17. Nd2 Rad8 18. Bxc6+ Kxc6 19. Rd3 1/2-1/2

[Event "Mistrzostwa Polski Niewidomych"]
[Site "Wagrowiec, ul. Jeziorna 16 OR"]
[Date "2018.??.??"]
[Round "6.15"]
[White "Bzowski, Grzegorz"]
[Black "Niecko, Stanislaw"]
[Result "1/2-1/2"]
[WhiteElo "1621"]
[BlackElo "1770"]
[PlyCount "40"]
[EventDate "2018.??.??"]

1. d4 d5 2. Nf3 Nd7 3. e3 Nb6 4. Bd3 e6 5. Nbd2 Nf6 6. e4 c6 7. O-O dxe4 8.
Nxe4 Nxe4 9. Bxe4 Be7 10. h3 O-O 11. c3 h6 12. Qe2 c5 13. Rd1 cxd4 14. cxd4 Rb8
15. Bf4 Bd6 16. Bxd6 Qxd6 17. Rac1 Bd7 18. a3 Nd5 19. Bxd5 Qxd5 20. Ne5 Bc6
1/2-1/2

[Event "Mistrzostwa Polski Niewidomych"]
[Site "Wagrowiec, ul. Jeziorna 16 OR"]
[Date "2018.??.??"]
[Round "6.17"]
[White "Szydlowski, Wiktor"]
[Black "Wyrzykowski, Jozef"]
[Result "1/2-1/2"]
[WhiteElo "1724"]
[BlackElo "1635"]
[PlyCount "44"]
[EventDate "2018.??.??"]

1. e4 e5 2. Nf3 d6 3. d4 Nd7 4. Bc4 Be7 5. O-O Ngf6 6. Re1 O-O 7. c3 Nb6 8. Bd3
Bg4 9. h3 Bh5 10. g4 Bg6 11. dxe5 Nfd7 12. Bf4 dxe5 13. Nxe5 Nxe5 14. Bxe5 Bd6
15. Bxd6 Qxd6 16. Na3 Qe5 17. Qe2 Rad8 18. Nb5 a6 19. Nd4 Rfe8 20. Qe3 h6 21.
f4 Qe7 22. f5 Bh7 1/2-1/2

[Event "Mistrzostwa Polski Niewidomych"]
[Site "Wagrowiec, ul. Jeziorna 16 OR"]
[Date "2018.??.??"]
[Round "6.18"]
[White "Hagner, Pawel"]
[Black "Binkowski, Kazimierz"]
[Result "1-0"]
[WhiteElo "1698"]
[BlackElo "1600"]
[PlyCount "51"]
[EventDate "2018.??.??"]

1. d4 Nf6 2. Nf3 d5 3. Bg5 e6 4. e3 Be7 5. Nbd2 O-O 6. c3 Nc6 7. Bd3 h6 8. Bf4
Nh5 9. Bg3 f5 10. Ne5 Nxg3 11. hxg3 Nxe5 12. dxe5 c5 13. Nf3 c4 14. Bc2 b5 15.
Nd4 Bd7 16. g4 Bg5 17. gxf5 exf5 18. e6 Be8 19. Nxf5 a5 20. e7 Bxe7 21. Qxd5+
Bf7 22. Qe4 Re8 23. Nxh6+ Kf8 24. Nxf7 Kxf7 25. Qg6+ Kg8 26. Rh8+ 1-0

[Event "Mistrzostwa Polski Niewidomych"]
[Site "Wagrowiec, ul. Jeziorna 16 OR"]
[Date "2018.??.??"]
[Round "6.19"]
[White "Oberc, Ryszard"]
[Black "Kizym, Lukasz"]
[Result "0-1"]
[WhiteElo "1640"]
[BlackElo "1722"]
[PlyCount "42"]
[EventDate "2018.??.??"]

1. d4 d5 2. Nc3 Nf6 3. Nf3 Nc6 4. h3 e6 5. Bg5 Be7 6. e3 b6 7. Bf4 Bb4 8. Bd3
Bxc3+ 9. bxc3 Ne4 10. Bxe4 dxe4 11. Nd2 Bb7 12. Nxe4 Qd5 13. f3 O-O 14. O-O
Rac8 15. Nd2 f6 16. c4 Qd7 17. Rb1 e5 18. dxe5 fxe5 19. Bh2 Na5 20. Bxe5 Nxc4
21. Bc3 Nxe3 0-1

[Event "Mistrzostwa Polski Niewidomych"]
[Site "Wagrowiec, ul. Jeziorna 16 OR"]
[Date "2018.??.??"]
[Round "6.20"]
[White "Filipiak, Rajmund"]
[Black "Skiera, Edward"]
[Result "1-0"]
[WhiteElo "1706"]
[BlackElo "1500"]
[PlyCount "59"]
[EventDate "2018.??.??"]

1. d4 d5 2. Nf3 Nf6 3. Bf4 e6 4. e3 Bd6 5. Bg3 Bxg3 6. hxg3 Nbd7 7. c4 dxc4 8.
Bxc4 c6 9. Nc3 Nd5 10. Ne4 Qe7 11. a3 N7f6 12. Bd3 Nxe4 13. Bxe4 Nf6 14. Bd3 h6
15. Rc1 Bd7 16. Ne5 O-O-O 17. b4 Kb8 18. Qb3 Be8 19. a4 Nd7 20. Nxd7+ Bxd7 21.
Qc3 Rc8 22. a5 Rc7 23. b5 b6 24. axb6 axb6 25. Be4 c5 26. Ra1 Ra7 27. Rxa7 Kxa7
28. Qa3+ Kb8 29. Qa8+ Kc7 30. Qxh8 1-0

[Event "Mistrzostwa Polski Niewidomych"]
[Site "Wagrowiec, ul. Jeziorna 16 OR"]
[Date "2018.??.??"]
[Round "6.21"]
[White "Gryglewicz, Tadeusz"]
[Black "Malcer, Joanna"]
[Result "1-0"]
[WhiteElo "1601"]
[BlackElo "1567"]
[PlyCount "73"]
[EventDate "2018.??.??"]

1. Nf3 d5 2. d4 Nf6 3. g3 c6 4. Bg2 e6 5. O-O Bd6 6. Nbd2 Nbd7 7. Re1 b6 8. c4
O-O 9. e4 dxe4 10. Nxe4 Nxe4 11. Rxe4 Bb7 12. Qc2 c5 13. Rh4 Nf6 14. Bg5 g6 15.
Ne5 Bxg2 16. Kxg2 Rc8 17. Ng4 Be7 18. Qe2 Nxg4 19. Bxe7 Qxe7 20. Rxg4 Qf6 21.
Rf4 Qg7 22. Rd1 Rfd8 23. d5 e5 24. Re4 f6 25. b3 Qb7 26. a4 a5 27. h4 Rc7 28.
Re3 Rf7 29. Qf3 Rd6 30. Kh2 Qe7 31. Qg2 f5 32. Rde1 e4 33. f3 exf3 34. Rxe7
fxg2 35. Rxf7 Kxf7 36. Kxg2 Rd7 37. Re6 1-0

[Event "Mistrzostwa Polski Niewidomych"]
[Site "Wagrowiec, ul. Jeziorna 16 OR"]
[Date "2018.??.??"]
[Round "6.23"]
[White "Wegner, Wieslaw"]
[Black "Spychala, Jozefa"]
[Result "0-1"]
[WhiteElo "1704"]
[BlackElo "1493"]
[PlyCount "38"]
[EventDate "2018.??.??"]

1. Nf3 c5 2. g3 Nc6 3. Bg2 d6 4. d3 Nf6 5. Bf4 e5 6. Bg5 Be7 7. Nbd2 h6 8. Bxf6
Bxf6 9. O-O O-O 10. c3 Qb6 11. b3 Be6 12. c4 e4 13. Rc1 exf3 14. exf3 Rad8 15.
f4 d5 16. cxd5 Bxd5 17. Bxd5 Rxd5 18. Nc4 Qd8 19. Ne3 Rxd3 0-1

[Event "Mistrzostwa Polski Niewidomych"]
[Site "Wagrowiec, ul. Jeziorna 16 OR"]
[Date "2018.??.??"]
[Round "6.24"]
[White "Tobolski, Michal"]
[Black "Jagiello, Adolf"]
[Result "1-0"]
[WhiteElo "1536"]
[BlackElo "1278"]
[PlyCount "37"]
[EventDate "2018.??.??"]

1. e4 e5 2. Nf3 Nc6 3. Bc4 Be7 4. Nc3 d6 5. Nd5 h6 6. a3 Be6 7. O-O Qd7 8. d3
Bf6 9. c3 Na5 10. Ba2 c5 11. Nxf6+ Nxf6 12. b4 Nc6 13. b5 Ne7 14. Bxe6 fxe6 15.
h3 g5 16. Nh2 O-O-O 17. Ng4 Rdf8 18. Nxf6 h5 19. Nxd7 1-0

[Event "Mistrzostwa Polski Niewidomych"]
[Site "Wagrowiec, ul. Jeziorna 16 OR"]
[Date "2018.??.??"]
[Round "6.25"]
[White "Tyszkiewicz, Adam"]
[Black "Lazuka, Jan"]
[Result "1-0"]
[WhiteElo "1520"]
[BlackElo "1274"]
[PlyCount "51"]
[EventDate "2018.??.??"]

1. e4 e5 2. c4 Nc6 3. b3 Nf6 4. d3 h6 5. Bb2 Bb4+ 6. Bc3 Bxc3+ 7. Nxc3 O-O 8.
Nf3 d6 9. h3 a6 10. Be2 Be6 11. g4 b6 12. Nd5 Bxd5 13. cxd5 Ne7 14. Qc1 Ng6 15.
g5 hxg5 16. Qxg5 Nh7 17. Qxd8 Raxd8 18. O-O-O a5 19. h4 Nf4 20. Kd2 Nxe2 21.
Kxe2 b5 22. Ng5 Nxg5 23. hxg5 a4 24. Rh3 axb3 25. Rdh1 f5 26. g6 1-0

[Event "Mistrzostwa Polski Niewidomych"]
[Site "Wagrowiec, ul. Jeziorna 16 OR"]
[Date "2018.??.??"]
[Round "7.1"]
[White "Czajkowski, Adam"]
[Black "Bojczewski, Mateusz"]
[Result "1/2-1/2"]
[WhiteElo "2223"]
[BlackElo "1662"]
[PlyCount "86"]
[EventDate "2018.??.??"]

1. e4 c6 2. Nc3 d5 3. Nf3 dxe4 4. Nxe4 Bg4 5. h3 Bh5 6. Ng3 Bg6 7. h4 Nf6 8. h5
Be4 9. Nxe4 Nxe4 10. d4 e6 11. Bd3 Nf6 12. c3 Bd6 13. Qe2 Nbd7 14. Bd2 Qc7 15.
O-O-O Bf4 16. Kb1 Bxd2 17. Rxd2 h6 18. g3 O-O-O 19. Bc2 Rhe8 20. Qd1 Kb8 21.
Bb3 c5 22. Ba4 Rf8 23. Bxd7 Rxd7 24. Ne5 Rd5 25. c4 Rxd4 26. Rxd4 cxd4 27. Qxd4
Rd8 28. Qe3 Ka8 29. f4 a6 30. g4 Rh8 31. Rd1 Rd8 32. Rxd8+ Qxd8 33. Kc2 Qc7 34.
Qd4 Kb8 35. b4 Nd5 36. Kb3 Nb6 37. g5 f6 38. gxf6 gxf6 39. Ng4 Qc6 40. Nxh6
Qf3+ 41. Qc3 Qxh5 42. Ng8 Qg4 43. Nxf6 Qxf4 1/2-1/2

[Event "Mistrzostwa Polski Niewidomych"]
[Site "Wagrowiec, ul. Jeziorna 16 OR"]
[Date "2018.??.??"]
[Round "7.2"]
[White "Dukaczewski, Piotr"]
[Black "Stachanczyk, Jacek"]
[Result "1/2-1/2"]
[WhiteElo "2221"]
[BlackElo "2193"]
[PlyCount "35"]
[EventDate "2018.??.??"]

1. c4 c5 2. Nc3 Nc6 3. g3 e5 4. Bg2 Nge7 5. d3 d6 6. e4 g6 7. Nge2 Bg7 8. O-O
O-O 9. Nd5 Nxd5 10. exd5 Nd4 11. Nxd4 exd4 12. Re1 h6 13. a3 Bd7 14. Bd2 Re8
15. Rxe8+ Qxe8 16. Qe1 Qxe1+ 17. Rxe1 Re8 18. Rxe8+ 1/2-1/2

[Event "Mistrzostwa Polski Niewidomych"]
[Site "Wagrowiec, ul. Jeziorna 16 OR"]
[Date "2018.??.??"]
[Round "7.4"]
[White "Pociejowski, Marek"]
[Black "Kulpinski, Piotr"]
[Result "0-1"]
[WhiteElo "1853"]
[BlackElo "1852"]
[PlyCount "72"]
[EventDate "2018.??.??"]

1. d4 d5 2. c4 c6 3. Nf3 e6 4. Nc3 Nf6 5. Bg5 h6 6. Bh4 Nbd7 7. e3 Be7 8. Bd3
dxc4 9. Bxc4 b5 10. Bd3 a6 11. a4 Bb7 12. O-O b4 13. Ne4 Nxe4 14. Bxe7 Nxf2 15.
Bxd8 Nxd1 16. Raxd1 Rxd8 17. Rc1 O-O 18. e4 c5 19. dxc5 Nxc5 20. Rxc5 Rxd3 21.
Re1 Rc8 22. Rxc8+ Bxc8 23. Rc1 Bb7 24. Rc4 Rb3 25. Kf2 Rxb2+ 26. Ke3 f5 27.
exf5 exf5 28. Nh4 Be4 29. Rc8+ Kh7 30. Rc7 b3 31. g4 Rc2 32. Re7 b2 33. gxf5
b1=Q 34. Rxe4 Rc3+ 35. Kf4 Qxe4+ 36. Kxe4 Rc4+ 0-1

[Event "Mistrzostwa Polski Niewidomych"]
[Site "Wagrowiec, ul. Jeziorna 16 OR"]
[Date "2018.??.??"]
[Round "7.5"]
[White "Zarow, Zdzislaw"]
[Black "Chojnowski, Marcin"]
[Result "0-1"]
[WhiteElo "1663"]
[BlackElo "2094"]
[PlyCount "85"]
[EventDate "2018.??.??"]

1. e4 c5 2. Nf3 d6 3. Bc4 e6 4. Nc3 a6 5. a4 Nc6 6. d4 cxd4 7. Nxd4 Nf6 8. Nxc6
bxc6 9. a5 d5 10. Bd3 Rb8 11. Qe2 Bb4 12. O-O Bxa5 13. Bxa6 Bxc3 14. bxc3 Nxe4
15. Bxc8 Rxc8 16. c4 O-O 17. Ra3 Nd6 18. Rg3 Nf5 19. Rh3 Qf6 20. c3 c5 21. Qh5
Qg6 22. cxd5 exd5 23. Qd1 Rfd8 24. Re1 d4 25. Qa4 h6 26. Qb5 dxc3 27. Rxc3 Nd4
28. Qc4 Re8 29. Bd2 Rxe1+ 30. Bxe1 Qb1 31. Kf1 Re8 32. Rc1 Qb2 33. h3 Nb3 34.
Rd1 Nd4 35. Rc1 Ne6 36. Rc2 Qe5 37. f3 Nd4 38. Rc1 Ne6 39. Bf2 Rc8 40. g3 Qd6
41. Kg2 Qc6 42. h4 Qb7 43. Rc3 {(91) Time} 0-1

[Event "Mistrzostwa Polski Niewidomych"]
[Site "Wagrowiec, ul. Jeziorna 16 OR"]
[Date "2018.??.??"]
[Round "7.6"]
[White "Przewoznik, Emil"]
[Black "Pawelec, Bartosz"]
[Result "1/2-1/2"]
[WhiteElo "1812"]
[BlackElo "1995"]
[PlyCount "74"]
[EventDate "2018.??.??"]

1. d4 Nf6 2. Nf3 e6 3. Bg5 c5 4. e4 h6 5. Bxf6 Qxf6 6. e5 Qd8 7. d5 d6 8. Nc3
exd5 9. Bb5+ Bd7 10. Qxd5 Bc6 11. O-O-O a6 12. Bxc6+ bxc6 13. Qb3 Ra7 14. Rhe1
d5 15. Ne4 Be7 16. Nd6+ Kf8 17. Nf5 g6 18. Nxe7 Rxe7 19. Qc3 Nd7 20. e6 d4 21.
Qc4 fxe6 22. Rxe6 Kg7 23. Rde1 Rhe8 24. Rxe7+ Rxe7 25. Re6 Nb6 26. Qe2 Rxe6 27.
Qxe6 Qd5 28. Qe7+ Kg8 29. b3 d3 30. cxd3 Qxd3 31. Nd2 Qc3+ 32. Kd1 Nd5 33. Qe6+
Kg7 34. Qxc6 Qa1+ 35. Ke2 Qe5+ 36. Kd1 Qa1+ 37. Ke2 Qe5+ 1/2-1/2

[Event "Mistrzostwa Polski Niewidomych"]
[Site "Wagrowiec, ul. Jeziorna 16 OR"]
[Date "2018.??.??"]
[Round "7.7"]
[White "Hornik, Bronislaw"]
[Black "Staruch, Roman"]
[Result "0-1"]
[WhiteElo "1797"]
[BlackElo "1880"]
[PlyCount "52"]
[EventDate "2018.??.??"]

1. e4 d5 2. e5 c5 3. d4 cxd4 4. Qxd4 Nc6 5. Bb5 a6 6. Bxc6+ bxc6 7. Nf3 e6 8.
Nc3 c5 9. Qf4 Nh6 10. O-O Be7 11. h4 O-O 12. g4 f6 13. Qg3 fxe5 14. Bxh6 gxh6
15. g5 hxg5 16. hxg5 Rf5 17. g6 h6 18. Qh3 Kg7 19. Rae1 e4 20. Nh2 Rg5+ 21. Kh1
e5 22. Qe3 d4 23. Qxe4 dxc3 24. f4 Rxg6 25. Rg1 Bg5 26. Qxe5+ Qf6 0-1

[Event "Mistrzostwa Polski Niewidomych"]
[Site "Wagrowiec, ul. Jeziorna 16 OR"]
[Date "2018.??.??"]
[Round "7.8"]
[White "Sargalski, Andrzej"]
[Black "Traczyk, Tadeusz"]
[Result "1-0"]
[WhiteElo "1811"]
[BlackElo "1817"]
[PlyCount "69"]
[EventDate "2018.??.??"]

1. e4 c5 2. Nf3 Nc6 3. d4 cxd4 4. Nxd4 Nf6 5. Nc3 e6 6. Bg5 Bb4 7. Nxc6 bxc6 8.
Qf3 Be7 9. Bd3 e5 10. O-O h6 11. Bh4 O-O 12. Rfd1 Rb8 13. Rab1 d5 14. Bxf6 Bxf6
15. exd5 cxd5 16. Nxd5 Bg5 17. Qe4 g6 18. Qxe5 Bb7 19. c4 Re8 20. Qd4 Qd6 21.
Qxa7 Bxd5 22. cxd5 Ra8 23. Qb7 Rxa2 24. Qc6 Rd8 25. Qxd6 Rxd6 26. Bc4 Ra4 27.
b3 Rb4 28. Ra1 Rbb6 29. Ra7 Bf6 30. g3 Bc3 31. Rd3 Bb4 32. Rf3 f5 33. Re3 Rd8
34. d6+ Kf8 35. Rf7+ 1-0

[Event "Mistrzostwa Polski Niewidomych"]
[Site "Wagrowiec, ul. Jeziorna 16 OR"]
[Date "2018.??.??"]
[Round "7.9"]
[White "Kardasz, Wladyslaw"]
[Black "Wolanski, Michal"]
[Result "0-1"]
[WhiteElo "1742"]
[BlackElo "1952"]
[PlyCount "70"]
[EventDate "2018.??.??"]

1. e4 c5 2. Nf3 Nc6 3. d4 cxd4 4. Nxd4 g6 5. Nc3 Bg7 6. Be3 Nf6 7. Qd2 O-O 8.
f3 d5 9. O-O-O dxe4 10. Kb1 Nxd4 11. Bxd4 exf3 12. gxf3 Be6 13. h4 Qa5 14. Bh3
Bxh3 15. Rxh3 Rfd8 16. Qe1 Qf5 17. Rh1 Rd7 18. Qf2 b6 19. Rhe1 Rad8 20. a3 Nd5
21. Qf1 Nxc3+ 22. Bxc3 Rxd1+ 23. Rxd1 Rxd1+ 24. Qxd1 Bxc3 25. bxc3 Qb5+ 26. Ka2
Qc4+ 27. Kb2 Qxh4 28. Qd8+ Kg7 29. Qd7 a5 30. Qc7 Qf6 31. Qg3 h5 32. Qh3 h4 33.
Qg4 g5 34. Qh3 Qf4 35. Qg2 Qg3 0-1

[Event "Mistrzostwa Polski Niewidomych"]
[Site "Wagrowiec, ul. Jeziorna 16 OR"]
[Date "2018.??.??"]
[Round "7.10"]
[White "Wojcieszyn, Zdzislaw"]
[Black "Hagner, Pawel"]
[Result "1-0"]
[WhiteElo "1887"]
[BlackElo "1698"]
[PlyCount "55"]
[EventDate "2018.??.??"]

1. Nf3 Nf6 2. c4 g6 3. g3 Bg7 4. Nc3 d6 5. d4 O-O 6. Bg2 Nc6 7. O-O a6 8. h3
Rb8 9. a4 Na5 10. Nd2 c5 11. d5 Bd7 12. e4 b5 13. axb5 axb5 14. cxb5 Bxb5 15.
Nxb5 Rxb5 16. Qa4 Qb6 17. Re1 Nb3 18. Nxb3 Rxb3 19. Qa7 Qb4 20. Bg5 Rxb2 21.
Qxe7 Qd4 22. Be3 Qb4 23. e5 dxe5 24. Bxc5 Qb5 25. Bf1 Qb8 26. d6 Nd5 27. Qd7
Rb7 28. Qc6 1-0

[Event "Mistrzostwa Polski Niewidomych"]
[Site "Wagrowiec, ul. Jeziorna 16 OR"]
[Date "2018.??.??"]
[Round "7.11"]
[White "Baryla, Lukasz"]
[Black "Debowska, Teresa"]
[Result "0-1"]
[WhiteElo "1726"]
[BlackElo "1802"]
[PlyCount "44"]
[EventDate "2018.??.??"]

1. e4 e5 2. Nf3 Nc6 3. d4 exd4 4. Nxd4 g6 5. Be3 Bg7 6. c3 Nf6 7. Nd2 O-O 8.
Be2 d5 9. Bf3 Ne5 10. Qc2 Nxf3+ 11. N4xf3 dxe4 12. Nxe4 Bf5 13. Nxf6+ Bxf6 14.
Qd2 Qe7 15. Qc1 Be4 16. Ng5 Bc6 17. O-O Qe5 18. Re1 Qd5 19. f3 Qf5 20. Kf2 h6
21. g4 Qd3 22. Nh3 Bh4+ 0-1

[Event "Mistrzostwa Polski Niewidomych"]
[Site "Wagrowiec, ul. Jeziorna 16 OR"]
[Date "2018.??.??"]
[Round "7.12"]
[White "Stankiewicz, Edward"]
[Black "Filipiak, Rajmund"]
[Result "1/2-1/2"]
[WhiteElo "1840"]
[BlackElo "1706"]
[PlyCount "86"]
[EventDate "2018.??.??"]

1. d4 e6 2. Nf3 f5 3. c4 Nf6 4. Nc3 d5 5. e3 c6 6. Bd3 Bd6 7. Qc2 O-O 8. cxd5
cxd5 9. Nb5 Bb4+ 10. Bd2 Bxd2+ 11. Nxd2 Nc6 12. a3 a6 13. Nc3 Bd7 14. O-O Rc8
15. Qd1 Be8 16. f4 Ng4 17. Qe1 b5 18. h3 Nf6 19. Nf3 Na5 20. Qe2 Bh5 21. a4 Ne4
22. Qe1 Nxc3 23. bxc3 Nc4 24. Bxc4 Rxc4 25. Ne5 Rxa4 26. Rxa4 bxa4 27. Qa1 Be2
28. Rc1 Bb5 29. c4 dxc4 30. Nxc4 Qd5 31. Nb6 Qb3 32. Rc3 Qb4 33. Qa3 Qxa3 34.
Rxa3 Kf7 35. Nxa4 Bxa4 36. Rxa4 Ra8 37. Kf2 a5 38. Ke2 Ke7 39. Kd3 Kd6 40. e4
fxe4+ 41. Kxe4 g6 42. g4 Ra6 43. g5 Ke7 1/2-1/2

[Event "Mistrzostwa Polski Niewidomych"]
[Site "Wagrowiec, ul. Jeziorna 16 OR"]
[Date "2018.??.??"]
[Round "7.13"]
[White "Kizym, Lukasz"]
[Black "Baryla, Damian"]
[Result "1/2-1/2"]
[WhiteElo "1722"]
[BlackElo "1811"]
[PlyCount "61"]
[EventDate "2018.??.??"]

1. e4 e5 2. Nf3 Nc6 3. Bb5 d6 4. O-O Nge7 5. Re1 a6 6. Ba4 g6 7. Bb3 Bg7 8. d3
O-O 9. Bg5 h6 10. Be3 Kh7 11. Nc3 f5 12. exf5 Nxf5 13. Ne4 Qe7 14. h3 Nh4 15.
Nxh4 Qxh4 16. Qd2 Bf5 17. f3 Nd4 18. Bxd4 exd4 19. Qf2 Qxf2+ 20. Nxf2 c5 21.
Bd5 Rab8 22. Ne4 Bxe4 23. fxe4 Be5 24. Rf1 b6 25. g4 g5 26. Rxf8 Rxf8 27. Rf1
Bh2+ 28. Kg2 Rxf1 29. Kxf1 Bf4 30. Bb7 a5 31. a4 1/2-1/2

[Event "Mistrzostwa Polski Niewidomych"]
[Site "Wagrowiec, ul. Jeziorna 16 OR"]
[Date "2018.??.??"]
[Round "7.14"]
[White "Barnowski, Sylwester"]
[Black "Bzowski, Grzegorz"]
[Result "1-0"]
[WhiteElo "1787"]
[BlackElo "1621"]
[PlyCount "35"]
[EventDate "2018.??.??"]

1. d4 e6 2. f4 d5 3. Nf3 Nf6 4. e3 Be7 5. Bb5+ c6 6. Bd3 O-O 7. O-O Re8 8. c3
Nbd7 9. Ne5 Nf8 10. Nd2 c5 11. Ndf3 Ne4 12. Nd2 Nxd2 13. Bxd2 f6 14. Nf3 Bd6
15. Be1 Bd7 16. Bg3 b5 17. e4 b4 18. e5 {(58)} 1-0

[Event "Mistrzostwa Polski Niewidomych"]
[Site "Wagrowiec, ul. Jeziorna 16 OR"]
[Date "2018.??.??"]
[Round "7.15"]
[White "Niecko, Stanislaw"]
[Black "Gryglewicz, Tadeusz"]
[Result "1/2-1/2"]
[WhiteElo "1770"]
[BlackElo "1601"]
[PlyCount "35"]
[EventDate "2018.??.??"]

1. Nf3 d5 2. c4 c6 3. g3 Nf6 4. d4 g6 5. Bg2 dxc4 6. Ne5 Bg7 7. Nxc4 O-O 8. O-O
Re8 9. Ne3 Be6 10. Nc3 Qc8 11. Re1 Na6 12. Bd2 Nc7 13. Rc1 Qd7 14. Nc2 Red8 15.
e4 Bh3 16. Bh1 e5 17. Be3 exd4 18. Bxd4 1/2-1/2

[Event "Mistrzostwa Polski Niewidomych"]
[Site "Wagrowiec, ul. Jeziorna 16 OR"]
[Date "2018.??.??"]
[Round "7.16"]
[White "Zelajtys, Jozef"]
[Black "Huzarski, Stanislaw"]
[Result "1-0"]
[WhiteElo "1665"]
[BlackElo "1758"]
[PlyCount "30"]
[EventDate "2018.??.??"]

1. e4 c5 2. g3 Nc6 3. Bg2 d6 4. Nh3 Nf6 5. Nc3 g6 6. O-O Bg7 7. d3 O-O 8. Ne2
e5 9. Bd2 Re8 10. Qc1 Be6 11. Ng5 Bd7 12. c4 Qc8 13. f4 Bg4 14. Nf3 Nh5 15. Bc3
a6 {(54)} 1-0

[Event "Mistrzostwa Polski Niewidomych"]
[Site "Wagrowiec, ul. Jeziorna 16 OR"]
[Date "2018.??.??"]
[Round "7.17"]
[White "Mettel, Werner"]
[Black "Raczek, Stanislaw"]
[Result "0-1"]
[WhiteElo "1752"]
[BlackElo "1550"]
[PlyCount "49"]
[EventDate "2018.??.??"]

1. e4 d6 2. Nf3 Nf6 3. Nc3 Bg4 4. h3 Bxf3 5. Qxf3 e5 6. Bc4 Be7 7. d3 O-O 8.
O-O Nbd7 9. Be3 c5 10. a4 a5 11. Ne2 Nb6 12. Bb5 Qc8 13. Ng3 Qe6 14. c4 Nc8 15.
Nf5 Kh8 16. Bd2 Bd8 17. Qe2 Ne7 18. Nxe7 Bxe7 19. f4 exf4 20. Rxf4 Nd7 21. Bc3
Ne5 22. Raf1 Ng6 23. R4f3 Nh4 24. Rf4 Ng6 25. R4f2 0-1

[Event "Mistrzostwa Polski Niewidomych"]
[Site "Wagrowiec, ul. Jeziorna 16 OR"]
[Date "2018.??.??"]
[Round "7.19"]
[White "Wyrzykowski, Jozef"]
[Black "Tobolski, Michal"]
[Result "1-0"]
[WhiteElo "1635"]
[BlackElo "1536"]
[PlyCount "77"]
[EventDate "2018.??.??"]

1. c4 e5 2. Nc3 Nf6 3. d3 d5 4. cxd5 Nxd5 5. Bd2 Nxc3 6. Bxc3 Nc6 7. Nf3 Bd6 8.
g3 h6 9. Bg2 Bd7 10. a3 Qe7 11. Nd2 a6 12. Ne4 f5 13. Nxd6+ cxd6 14. Qd2 O-O
15. O-O f4 16. Rae1 fxg3 17. fxg3 Rxf1+ 18. Rxf1 Rf8 19. Rxf8+ Qxf8 20. e3 b6
21. d4 exd4 22. exd4 Qf5 23. d5 Ne5 24. Qe3 Qb1+ 25. Qe1 Qf5 26. Bxe5 Qxe5 27.
Qxe5 dxe5 28. Kf2 Kf7 29. Ke3 Kf6 30. Bf3 g5 31. Be2 a5 32. g4 Ke7 33. h3 Kd6
34. Ke4 a4 35. Ba6 h5 36. gxh5 Bxh3 37. h6 Bg2+ 38. Kf5 Bxd5 39. h7 1-0

[Event "Mistrzostwa Polski Niewidomych"]
[Site "Wagrowiec, ul. Jeziorna 16 OR"]
[Date "2018.??.??"]
[Round "7.22"]
[White "Spychala, Jozefa"]
[Black "Bialas, Stanislaw"]
[Result "1/2-1/2"]
[WhiteElo "1493"]
[BlackElo "1477"]
[PlyCount "70"]
[EventDate "2018.??.??"]

1. d4 d5 2. Nf3 Nf6 3. c4 Bf5 4. Nc3 e6 5. Bg5 Be7 6. e3 Nbd7 7. Bd3 Be4 8. O-O
h6 9. Bxf6 Bxf6 10. Bxe4 dxe4 11. Nxe4 Qe7 12. Rc1 O-O 13. Nxf6+ Nxf6 14. Re1
Ne4 15. Qd3 f5 16. Ne5 Rf6 17. f3 Ng5 18. e4 fxe4 19. fxe4 Raf8 20. Rf1 Rxf1+
21. Rxf1 Rxf1+ 22. Kxf1 Qf6+ 23. Ke2 Qf4 24. Nf3 Qxe4+ 25. Qxe4 Nxe4 26. Ke3
Nf6 27. h3 Kf8 28. g4 Ke7 29. Ne5 Kd6 30. b4 b6 31. b5 Nd7 32. Nf7+ Ke7 33. Ne5
Nxe5 34. dxe5 Kd7 35. Kd4 g5 1/2-1/2

[Event "Mistrzostwa Polski Niewidomych"]
[Site "Wagrowiec, ul. Jeziorna 16 OR"]
[Date "2018.??.??"]
[Round "7.23"]
[White "Skiera, Edward"]
[Black "Oberc, Ryszard"]
[Result "1/2-1/2"]
[WhiteElo "1500"]
[BlackElo "1640"]
[PlyCount "46"]
[EventDate "2018.??.??"]

1. e4 d6 2. d4 Nf6 3. Nc3 e6 4. Nf3 d5 5. exd5 Nxd5 6. Nxd5 Qxd5 7. Bd3 Be7 8.
O-O O-O 9. c3 b5 10. Re1 c6 11. Bc2 Nd7 12. Qd3 Nf6 13. Bg5 g6 14. Bxf6 Bxf6
15. Qe4 Kg7 16. Qxd5 cxd5 17. Ne5 Bxe5 18. Rxe5 a5 19. a3 Bd7 20. Bd3 a4 21. f4
f6 22. Re3 Rae8 23. Rae1 f5 {(50)} 1/2-1/2

[Event "Mistrzostwa Polski Niewidomych"]
[Site "Wagrowiec, ul. Jeziorna 16 OR"]
[Date "2018.??.??"]
[Round "7.24"]
[White "Malcer, Joanna"]
[Black "Kulik, Roman"]
[Result "1/2-1/2"]
[WhiteElo "1567"]
[BlackElo "1623"]
[PlyCount "32"]
[EventDate "2018.??.??"]

1. e4 e5 2. Nf3 Nf6 3. d3 d6 4. Bg5 Be7 5. Nc3 Nc6 6. Be2 Bg4 7. O-O Bxf3 8.
Bxf3 Nd4 9. Bxf6 Bxf6 10. Ne2 Nxe2+ 11. Qxe2 c6 12. Rab1 O-O 13. c4 g6 14. b4
Bg7 15. a4 f5 16. exf5 Rxf5 1/2-1/2

[Event "Mistrzostwa Polski Niewidomych"]
[Site "Wagrowiec, ul. Jeziorna 16 OR"]
[Date "2018.??.??"]
[Round "7.26"]
[White "Jagiello, Adolf"]
[Black "Wegner, Wieslaw"]
[Result "0-1"]
[WhiteElo "1278"]
[BlackElo "1704"]
[PlyCount "92"]
[EventDate "2018.??.??"]

1. e4 Nc6 2. d4 d5 3. e5 Bf5 4. Bb5 e6 5. f4 a6 6. Bd3 g6 7. Nf3 Bg7 8. c3 Nge7
9. O-O O-O 10. Be3 Na5 11. Nbd2 b5 12. Bxf5 Nxf5 13. Qe2 Nxe3 14. Qxe3 Nc4 15.
Nxc4 bxc4 16. b3 cxb3 17. axb3 Qb8 18. b4 Qb5 19. Ra5 Qb6 20. Rfa1 Rfb8 21. Ne1
Bf8 22. Nd3 Be7 23. Nc5 Bxc5 24. dxc5 Qc6 25. b5 Rxb5 26. Rxb5 Qxb5 27. Qd4 c6
28. Qb4 Rb8 29. Qxb5 Rxb5 30. Rxa6 Rxc5 31. Ra8+ Kg7 32. Ra3 Rc4 33. g3 c5 34.
Kf2 d4 35. cxd4 cxd4 36. Ke2 Rc2+ 37. Kd3 Rxh2 38. Kxd4 Rg2 39. Ke4 h6 40. Kf3
Rg1 41. Kf2 Rb1 42. Ra7 Rb2+ 43. Kg1 g5 44. fxg5 hxg5 45. Ra3 Kg6 46. Kf1 Kf5
0-1

[Event "Mistrzostwa Polski Niewidomych"]
[Site "Wagrowiec, ul. Jeziorna 16 OR"]
[Date "2018.??.??"]
[Round "7.27"]
[White "Lazuka, Jan"]
[Black "Loroch, Zygfryd"]
[Result "1/2-1/2"]
[WhiteElo "1274"]
[BlackElo "1427"]
[PlyCount "44"]
[EventDate "2018.??.??"]

1. e4 b6 2. d4 Bb7 3. Nc3 e6 4. Nf3 Bb4 5. Bd3 Nf6 6. Qe2 d5 7. e5 Nfd7 8. Bd2
c5 9. Bb5 Nc6 10. a3 Bxc3 11. Bxc3 c4 12. Bxc6 Bxc6 13. Bb4 a5 14. Bd6 b5 15.
O-O Nb6 16. c3 Nc8 17. Bc5 Ne7 18. Bxe7 Qxe7 19. h3 O-O 20. Qe3 f5 21. Qg5 Qxg5
22. Nxg5 Bd7 1/2-1/2